Constitution of Malaysia : Text and commentary

Bibliographic Details
Main Author: Abdul Aziz Bari
Other Authors: Farid Sufian Shuaib
Format: Book
Published: Petaling Jaya : Prentice Hall , 2006
Edition:Second edition
Subjects:

MARC

LEADER 00000cam a2200000 7i4500
001 0000017180
005 20061109.0
020 |a 9833205771 
040 |a INS 
090 0 0 |a KPG1895.   |b A23 2006 
100 1 |a Abdul Aziz Bari 
245 1 0 |a Constitution of Malaysia :   |b Text and commentary   |c Abdul Aziz Bari and Farid Sufian Shuaib 
250 |a Second edition 
260 |a Petaling Jaya :   |b Prentice Hall ,   |c 2006 
300 |a xli, 450p. ;   |c 24cm. 
500 |a Includes bibliography and index 
650 0 0 |a Constitutional history   |z Malaysia 
700 0 |a Farid Sufian Shuaib 
999 |a 0000017480   |b BOOK   |c Open Shelf   |e Default branch 
999 |a 0000021035   |b BOOK   |c Open Shelf   |e Default branch